Online
Catalog
Normal view MARC view

Entry Nombre de reunión

Number of records used in: 1

001 - NÚMERO DE CONTROL

  • campo de control: 89114

003 - IDENTIFICADOR DEL NÚMERO DE CONTROL

  • campo de control: DO-SdBNP

005 - FECHA Y HORA DE LA ÚLTIMA TRANSACCIÓN

  • campo de control: 20260303101412.0

008 - DATOS DE LONGITUD FIJA

  • campo de control de longitud fija: 260303|| aca||aabn | a|a d

040 ## - FUENTE DE LA CATALOGACIÓN

  • Centro catalogador/agencia de origen: DO-SdBNP
  • Centro/agencia transcriptor: DO-SdBNP

111 ## - ENCABEZAMIENTO--NOMBRE DE CONGRESO/REUNIÓN

  • Nombre de congreso/reunión o jurisdicción como elemento de entrada: Cumbre de Jefes de Estado y de Gobierno de la Asociación de Estados del Caribe
  • Número del congreso/reunión o número de parte o sección: (2da. :
  • Fecha del congreso/reunión: 16-17, abril :
  • Sede del congreso/Lugar de la reunión: Santo Domingo)

670 ## - FUENTE DE DATOS ENCONTRADOS

  • Cita de la fuente: Work cat.: (DO-SdBNP)60410: 89112, Segunda cumbre de jefes de estado y gobierno de los países de África, caribe y pacífico /

Powered by Koha